| 000 | 00692 a2200205 4500 | ||
|---|---|---|---|
| 020 | _a3540462155 | ||
| 020 | _a9783540462156 | ||
| 082 | _a530.12 | ||
| 090 |
_c1178 _d1178 |
||
| 100 | 1 | _a Bes,Daniel R. | |
| 245 | 1 | 0 |
_aQuantum mechanics : _ba modern and concise introductory course / _cDaniel R. Bes. |
| 250 | _a2nd ed. | ||
| 260 |
_a[S.l.] : _bSpringer, _c2007. |
||
| 300 |
_a260 p. ; _c24 cm. |
||
| 490 | 1 | _aAdvances texts in physics. | |
| 700 | _a Bes,Daniel R. | ||
| 830 | 0 | _aAdvances texts in physics. | |
| 942 |
_aSNS _cBK _k530.12 BES |
||
| 999 |
_c29791 _d29791 |
||